| 000 | 00874nmm a2200229Ia 4500 | ||
|---|---|---|---|
| 008 | 251105s9999||||xx |||||||||||||||||und|| | ||
| 041 | _aspa | ||
| 100 | _aAráez Campillo, Isabel | ||
| 245 | 0 | _aProgramación didáctica de ESPA. Programaciones didácticas. Nivel I - Módulo I. Ámbito de comunicación | |
| 264 |
_a[Madrid, España] : _bMinisterio de Educación, Cultura y Deporte de España, _c2010 |
||
| 300 | _a74 páginas | ||
| 650 | _aEducation | ||
| 700 | _aAráez Campillo, Isabel | ||
| 700 | 1 | _a Bouza Vivero, María | |
| 700 | 1 | _a Mateo Fernández, José María | |
| 700 | 1 | _a Moreno García, María Dolores | |
| 700 | 1 | _a Otras menciones: Lara Sánchez, José (Coord.) | |
| 700 | 1 | _a Terán Herranz, Elena (Dir. Coord.) | |
| 700 | 1 | _a Gordaliza Escobar, Mª Lourdes (Rev.) | |
| 856 | _uhttps://public.digitaliapublishing.com/a/14758 | ||
| 942 | _cCF | ||
| 999 |
_c62015 _d62015 |
||